Computerized assement administration

Bibliographic Details
Main Author: Dasso, Jerome
Format: Book
Published: Chicago : International Association of Assessing offices , Hill , 1973
Subjects:

MARC

LEADER 00000cam a2200000 7i4500
001 0000008267
005 20161018.0
020 |a 883290014 
040 |a INS 
090 0 0 |a HJ3241   |b D37 1973 
100 1 |a Dasso, Jerome 
245 1 0 |a Computerized assement administration   |c Jerome Dasso 
260 |a Chicago :   |b International Association of Assessing offices ,   |c Hill ,   |c 1973 
300 |a 231p ;   |c 24 cm. 
650 0 0 |a Regression analysis   |x Handbooks,manuals,etc 
650 0 0 |a Tax assessment   |x Data processing   |x Handbooks,manual,etc 
999 |a 0000023932   |b BOOK   |c Open Shelf   |e Default branch 
999 |a 0000024135   |b BOOK   |c Open Shelf   |e Default branch